000 00510 a2200169 4500
005 20250605064219.0
020 _a0-340-801166
082 _aLECT 658 DEN
100 _aDENBY, N.
245 _aAQA GCSE Business studies
250 _a2nd Ed.
260 _aLondon,
_bHodder & Stoughton,
_c2001.
300 _avi, 231p.: ill.; chart, figure, picture & table
_bIndex,
_c28cm.
700 _aTHOMAS, P.
856 _yAccess online book
_fAQA GCSE Business studies
_dwww.hodderheadline.co.uk
942 _2ddc
_cBKS
999 _c3168
_d3168